| 000 | 00903nam a22002657a 4500 | ||
|---|---|---|---|
| 005 | 20141119123025.0 | ||
| 008 | 141119t19601967xxua fr2d 001 0 eng d | ||
| 040 | _aEG-ScBUE | ||
| 082 | 0 | 0 |
_222 _a307.12 _bISA |
| 100 | 1 |
_aIsard, Walter _936610 |
|
| 245 | 1 | 0 |
_aMethods of regional analysis : _ban introduction to regional science / _cby Walter Isard. |
| 250 |
_a5th ed., _breprinted. |
||
| 260 |
_aCambridge, United States ; _aLondon : _bThe M.I.T Press, _cc.1960 |
||
| 300 |
_axxix, 784 p. : _bill. ; _c23 cm. |
||
| 490 | 1 | _aThe Regional science studies series | |
| 500 | _aReprint of the 1960 ed. | ||
| 500 | _aIncludes bibliographical reference. | ||
| 504 | _aIncludes indexes. | ||
| 650 | 0 |
_936592 _aRegional planning |
|
| 650 | 0 |
_aRegionalism _936611 |
|
| 653 |
_bGGEN _cNovember2014 |
||
| 655 |
_vreading book _934232 |
||
| 830 | 0 | _aRegional science studies series | |
| 942 |
_2ddc _k307.12 ISA |
||
| 999 |
_c18650 _d18622 |
||